Trouvez les pays - I - Statistiques

Statistiques générales
  • Ce quiz a été pris 118 fois
    113 depuis la dernière actualisation
  • Le résultat moyen est 8 sur 9
Statistiques - réponses
Par images Réponse % Correct
Inde
99%
Italie
99%
Irlande
97%
Islande
97%
Iran
96%
Israël
96%
Irak
94%
Indonésie
93%
Îles Salomons
15%
Aucun quiz correspondant
Distribution des résultats
% des personnes avec chaque résultat
Percentile par nombre de réponses
Votre historique - résultats
Vous n’avez pas pris ce quiz depuis la dernière actualisation